| 000 | 01186nam a2200253Ia 4500 | ||
|---|---|---|---|
| 999 |
_c34736 _d34736 |
||
| 001 | 525 | ||
| 003 | GE_BSU | ||
| 005 | 20211202114400.0 | ||
| 008 | 181216s2009||||ge |||||||||||||| ||geo|| | ||
| 020 | _a978994119975 | ||
| 040 | _cGE_BSU | ||
| 041 | _ageo | ||
| 080 | _a338.48(479.22) დ-28 | ||
| 100 |
_aდევაძე, ანზორ _94964 |
||
| 245 |
_aტურიზმი : _b(თეორია და პრაქტიკა) : [დამხმ. სახელმძღვანელო სტუდ.] / _cანზორ დევაძე ; [რედ. ვლადიმერ ღლონტი]. |
||
| 264 |
_aთბილისი : _b [საზოგადოება ცოდნა], _c2009. |
||
| 300 |
_a219 გვ. _bცხრ. ; _c20სმ. |
||
| 500 | _a დანართები: გვ. 213-219. | ||
| 504 | _a ბიბლიოგრ.: გვ. 207-22. | ||
| 653 | _aტურიზმის მენეჯმენტი | ||
| 653 | _aსაქართველოს ტურიზმის ეკონომიკა | ||
| 700 |
_aღლონტი, ვლადიმერ _eრედაქტორი _9907 |
||
| 942 |
_cBK _2udc |
||